<?xml version="1.0" encoding="UTF-8"?>
<record
    xmlns:xsi="http://www.w3.org/2001/XMLSchema-instance"
    xsi:schemaLocation="http://www.loc.gov/MARC21/slim http://www.loc.gov/standards/marcxml/schema/MARC21slim.xsd"
    xmlns="http://www.loc.gov/MARC21/slim">

  <leader>01700nam0a2200385   4500</leader>
  <controlfield tag="001">RU\NLR\bibl\170164</controlfield>
  <controlfield tag="005">20260406151621.0</controlfield>
  <datafield tag="021" ind1=" " ind2=" ">
    <subfield code="a">RU</subfield>
    <subfield code="b">2001-17320</subfield>
    <subfield code="9">803</subfield>
  </datafield>
  <datafield tag="035" ind1=" " ind2=" ">
    <subfield code="a">(NLR Aleph) 000166953</subfield>
  </datafield>
  <datafield tag="090" ind1=" " ind2=" ">
    <subfield code="a">961322</subfield>
    <subfield code="c">961322</subfield>
  </datafield>
  <datafield tag="100" ind1=" " ind2=" ">
    <subfield code="a">20010619d2000    |||y0rusy50      ca</subfield>
  </datafield>
  <datafield tag="101" ind1="0" ind2=" ">
    <subfield code="a">rus</subfield>
  </datafield>
  <datafield tag="102" ind1=" " ind2=" ">
    <subfield code="a">RU</subfield>
  </datafield>
  <datafield tag="105" ind1=" " ind2=" ">
    <subfield code="a">a   |||||||||</subfield>
  </datafield>
  <datafield tag="200" ind1="1" ind2=" ">
    <subfield code="a">&#x414;&#x43E;&#x437;&#x438;&#x43C;&#x435;&#x442;&#x440;&#x438;&#x447;&#x435;&#x441;&#x43A;&#x430;&#x44F; &#x43A;&#x430;&#x43B;&#x438;&#x431;&#x440;&#x43E;&#x432;&#x43A;&#x430; &#x433;&#x430;&#x43C;&#x43C;&#x430;-&#x442;&#x435;&#x440;&#x430;&#x43F;&#x435;&#x432;&#x442;&#x438;&#x447;&#x435;&#x441;&#x43A;&#x43E;&#x433;&#x43E; &#x430;&#x43F;&#x43F;&#x430;&#x440;&#x430;&#x442;&#x430; &#x420;&#x41E;&#x41A;&#x423;&#x421;-&#x41C; &#x438; &#x43A;&#x43B;&#x438;&#x43D;&#x438;&#x447;&#x435;&#x441;&#x43A;&#x438;&#x445; &#x434;&#x43E;&#x437;&#x438;&#x43C;&#x435;&#x442;&#x440;&#x43E;&#x432; &#x41B;&#x42F;&#x41F; &#x41E;&#x418;&#x42F;&#x418;</subfield>
    <subfield code="f">&#x420;. &#x412;&#x430;&#x433;&#x43D;&#x435;&#x440;, &#x411; &#x412;&#x43B;&#x447;&#x435;&#x43A;, &#x412;. &#x41F;. &#x417;&#x43E;&#x440;&#x438;&#x43D; &#x438; &#x434;&#x440;.</subfield>
  </datafield>
  <datafield tag="210" ind1=" " ind2=" ">
    <subfield code="a">&#x414;&#x443;&#x431;&#x43D;&#x430;</subfield>
    <subfield code="c">&#x41E;&#x418;&#x42F;&#x418;</subfield>
    <subfield code="d">2000</subfield>
  </datafield>
  <datafield tag="215" ind1=" " ind2=" ">
    <subfield code="a">7 &#x441;.</subfield>
    <subfield code="c">&#x438;&#x43B;.</subfield>
    <subfield code="d">22</subfield>
  </datafield>
  <datafield tag="225" ind1="1" ind2=" ">
    <subfield code="a">&#x421;&#x43E;&#x43E;&#x431;&#x449;&#x435;&#x43D;&#x438;&#x44F; &#x41E;&#x431;&#x44A;&#x435;&#x434;&#x438;&#x43D;&#x435;&#x43D;&#x43D;&#x43E;&#x433;&#x43E; &#x438;&#x43D;&#x441;&#x442;&#x438;&#x442;&#x443;&#x442;&#x430; &#x44F;&#x434;&#x435;&#x440;&#x43D;&#x44B;&#x445; &#x438;&#x441;&#x441;&#x43B;&#x435;&#x434;&#x43E;&#x432;&#x430;&#x43D;&#x438;&#x439;</subfield>
    <subfield code="v">&#x420; 16-2000-186</subfield>
  </datafield>
  <datafield tag="606" ind1="0" ind2=" ">
    <subfield code="a">&#x413;&#x430;&#x43C;&#x43C;&#x430;-&#x442;&#x435;&#x440;&#x430;&#x43F;&#x438;&#x44F;</subfield>
    <subfield code="x">&#x410;&#x43F;&#x43F;&#x430;&#x440;&#x430;&#x442;&#x44B; &#x438; &#x43F;&#x440;&#x438;&#x431;&#x43E;&#x440;&#x44B;</subfield>
    <subfield code="x">&#x414;&#x43E;&#x437;&#x438;&#x43C;&#x435;&#x442;&#x440;&#x438;&#x447;&#x435;&#x441;&#x43A;&#x430;&#x44F; &#x43A;&#x430;&#x43B;&#x438;&#x431;&#x440;&#x43E;&#x432;&#x43A;&#x430;</subfield>
    <subfield code="9">2212039</subfield>
    <subfield code="3">RU\NLR\auth\661328771</subfield>
  </datafield>
  <datafield tag="610" ind1="0" ind2=" ">
    <subfield code="a">&#x413;&#x430;&#x43C;&#x43C;&#x430;-&#x43B;&#x443;&#x447;&#x438; - &#x414;&#x43E;&#x437;&#x438;&#x43C;&#x435;&#x442;&#x440;&#x438;&#x44F;</subfield>
  </datafield>
  <datafield tag="610" ind1="0" ind2=" ">
    <subfield code="a">&#x41B;&#x443;&#x447;&#x435;&#x432;&#x430;&#x44F; &#x442;&#x435;&#x440;&#x430;&#x43F;&#x438;&#x44F; - &#x414;&#x43E;&#x437;&#x438;&#x440;&#x43E;&#x432;&#x43A;&#x430;</subfield>
  </datafield>
  <datafield tag="675" ind1=" " ind2=" ">
    <subfield code="a">615.471:615.849</subfield>
    <subfield code="v">3</subfield>
    <subfield code="z">rus</subfield>
  </datafield>
  <datafield tag="686" ind1=" " ind2=" ">
    <subfield code="a">76.31</subfield>
    <subfield code="2">rugasnti</subfield>
  </datafield>
  <datafield tag="686" ind1=" " ind2=" ">
    <subfield code="a">53.54</subfield>
    <subfield code="2">rubbk</subfield>
  </datafield>
  <datafield tag="686" ind1=" " ind2=" ">
    <subfield code="a">&#x420;365&#x441;5</subfield>
  </datafield>
  <datafield tag="701" ind1=" " ind2="1">
    <subfield code="a">&#x412;&#x430;&#x433;&#x43D;&#x435;&#x440;</subfield>
    <subfield code="b">&#x420;.</subfield>
    <subfield code="4">070</subfield>
  </datafield>
  <datafield tag="701" ind1=" " ind2="1">
    <subfield code="a">&#x412;&#x43B;&#x447;&#x435;&#x43A;</subfield>
    <subfield code="b">&#x411;.</subfield>
    <subfield code="4">070</subfield>
  </datafield>
  <datafield tag="701" ind1=" " ind2="1">
    <subfield code="a">&#x417;&#x43E;&#x440;&#x438;&#x43D;</subfield>
    <subfield code="b">&#x412;. &#x41F;.</subfield>
    <subfield code="4">070</subfield>
  </datafield>
  <datafield tag="711" ind1="0" ind2="2">
    <subfield code="a">&#x41E;&#x431;&#x44A;&#x435;&#x434;&#x438;&#x43D;&#x435;&#x43D;&#x43D;&#x44B;&#x439; &#x438;&#x43D;&#x441;&#x442;&#x438;&#x442;&#x443;&#x442; &#x44F;&#x434;&#x435;&#x440;&#x43D;&#x44B;&#x445; &#x438;&#x441;&#x441;&#x43B;&#x435;&#x434;&#x43E;&#x432;&#x430;&#x43D;&#x438;&#x439;</subfield>
    <subfield code="c">&#x414;&#x443;&#x431;&#x43D;&#x430;</subfield>
    <subfield code="b">&#x41B;&#x430;&#x431;&#x43E;&#x440;&#x430;&#x442;&#x43E;&#x440;&#x438;&#x44F; &#x44F;&#x434;&#x435;&#x440;&#x43D;&#x44B;&#x445; &#x43F;&#x440;&#x43E;&#x431;&#x43B;&#x435;&#x43C;</subfield>
    <subfield code="3">RU\NLR\AUTH\889927132</subfield>
    <subfield code="9">349932</subfield>
  </datafield>
  <datafield tag="801" ind1=" " ind2="0">
    <subfield code="a">RU</subfield>
    <subfield code="b">RKP</subfield>
    <subfield code="c">20010619</subfield>
    <subfield code="g">PSBO</subfield>
  </datafield>
  <datafield tag="801" ind1=" " ind2="1">
    <subfield code="a">RU</subfield>
    <subfield code="b">RKP</subfield>
    <subfield code="c">20010619</subfield>
  </datafield>
  <datafield tag="801" ind1=" " ind2="2">
    <subfield code="a">RU</subfield>
    <subfield code="b">NLR</subfield>
    <subfield code="c">20030320</subfield>
    <subfield code="g">rcr</subfield>
  </datafield>
  <datafield tag="942" ind1=" " ind2=" ">
    <subfield code="c">BOOK</subfield>
  </datafield>
  <datafield tag="980" ind1=" " ind2=" ">
    <subfield code="a">NB</subfield>
  </datafield>
  <datafield tag="995" ind1=" " ind2=" ">
    <subfield code="5">2001-07-12</subfield>
    <subfield code="a">ad</subfield>
    <subfield code="b">NLR01</subfield>
    <subfield code="c">NLR01</subfield>
    <subfield code="e">RF8</subfield>
    <subfield code="f">140610</subfield>
    <subfield code="k">2001-6/575</subfield>
    <subfield code="o">0</subfield>
    <subfield code="r">BOOK</subfield>
    <subfield code="s">20016575_</subfield>
  </datafield>
  <datafield tag="995" ind1=" " ind2=" ">
    <subfield code="5">2001-07-12</subfield>
    <subfield code="a">ad</subfield>
    <subfield code="b">NLR01</subfield>
    <subfield code="c">NLR01</subfield>
    <subfield code="e">RF8</subfield>
    <subfield code="f">140611</subfield>
    <subfield code="k">2001-6/575</subfield>
    <subfield code="o">0</subfield>
    <subfield code="r">BOOK</subfield>
    <subfield code="s">20016575_</subfield>
  </datafield>
</record>
